000 00798nam a2200241Ia 4500
003 OSt
005 20220923224843.0
006 a|||||r|||| 00| 0
007 ta
008 220922b |||||||| |||| 00| 0 hin d
024 _a252,358
037 _cTextual
040 _aARTS
_cARTS
_bhin
041 _2hin
_ahin
082 _aO152,2M89:g, N0
100 _aगुप्त, सुरेश चन्द्र
245 0 _aप्रसाद के नाटक और भारतीय अस्मिता
246 _aPrasād ke nāṭak aur bhāratīya asmitā
260 _c1990
650 _aहिन्दी साहित्य
_9156264
942 _hO152,2M89:g, N0
_cTEXL
_2CC
999 _c374146
_d374146